00746cam a22002293a 45000010005000000030006000050050017000110080041000280400015000690420007000840500006000911000034000972450122001312600029002535060030002825160020003126530033003326530051003657000031004168300028004478560041004752976PGUSA20140828083024.0041212s2004||||xxu|||||s|||||000 | eng d aPGUSAbeng adc 4aD1 aCasanova, Giacomo,d1725-179814aThe Memoirs of Jacques Casanova de Seingalt, 1725-1798. Volume 26 :bSpainh[electronic resource] /cGiacomo Casanova bProject Gutenberg,c2004 aPublic domain in the USA. aElectronic text aCasanova, Giacomo, 1725-1798 aEurope -- History -- 18th century -- Biography1 aMachen, Arthur,d1863-1947 0aProject Gutenbergv297640uhttp://www.gutenberg.org/ebooks/2976